<?xml version="1.0" encoding="UTF-8"?>
<record
    xmlns:xsi="http://www.w3.org/2001/XMLSchema-instance"
    xsi:schemaLocation="http://www.loc.gov/MARC21/slim http://www.loc.gov/standards/marcxml/schema/MARC21slim.xsd"
    xmlns="http://www.loc.gov/MARC21/slim">

  <leader>00216nam a22000857a 4500</leader>
  <controlfield tag="001">1301125</controlfield>
  <controlfield tag="005">20260429114909.0</controlfield>
  <datafield tag="245" ind1=" " ind2=" ">
    <subfield code="a">SAVA&#x15E; VE BARI&#x15E; 2</subfield>
    <subfield code="c">L.N. TOLSTOY</subfield>
  </datafield>
  <datafield tag="260" ind1=" " ind2=" ">
    <subfield code="b">T&#xDC;RK&#x130;YE &#x130;&#x15E; BANKASI K&#xDC;LT&#xDC;R YAYINLARI	</subfield>
  </datafield>
  <datafield tag="999" ind1=" " ind2=" ">
    <subfield code="c">1301125</subfield>
    <subfield code="d">1301125</subfield>
  </datafield>
  <datafield tag="952" ind1=" " ind2=" ">
    <subfield code="0">0</subfield>
    <subfield code="1">0</subfield>
    <subfield code="2">ddc</subfield>
    <subfield code="4">0</subfield>
    <subfield code="7">0</subfield>
    <subfield code="a">1111</subfield>
    <subfield code="b">1111</subfield>
    <subfield code="d">2026-04-29</subfield>
    <subfield code="l">0</subfield>
    <subfield code="p">11113807</subfield>
    <subfield code="r">2026-04-29 11:49:14</subfield>
    <subfield code="w">2026-04-29</subfield>
    <subfield code="y">BK</subfield>
  </datafield>
</record>
